000 00900nam a2200241 a 4500
001 47483
003 BD-RjUL
005 20211209054326.0
008 160808s1978 bg ||||| |||| 00| 0 ben d
020 _c: Tk. 15.00
035 _a(BD-RjUL)47602
040 _aBD-RjUL
_beng
_cBD-RjUL
041 _aeng
082 _a491.209
_bTAS 1978
100 _aঠাকুর, রবীন্দ্রনাথ ঘোষ
_9144382
245 1 0 _aসংস্কৃত বর্ণমালার ইতিহাস /
_cরবীন্দ্রনাথ ঘোষ ঠাকুর
250 _a১ম সং.
260 _aঢাকা :
_bবাংলা একাডেমী,
_c১৯৭৮
300 _a[৮], ১৮৭ পৃ. ;
_c১৯ সেমি.
650 _aসংস্কৃত ভাষা
_xইতিহাস
_9144383
650 _aSangskrit Language
_xHistory
_9144384
942 _2ddc
_cBK
_01
999 _c47483
_d47483